[Event "TCh-FRA Top 16 GpA 2022"]
[Site "Chartres FRA"]
[Date "2022.06.11"]
[Round "3.1"]
[Board "1"]
[White "Lagarde, Maxime"]
[Black "Abasov, Nijat"]
[Result "1/2-1/2"]
[WhiteTitle "GM"]
[BlackTitle "GM"]
[WhiteElo "2628"]
[BlackElo "2635"]
[WhiteTeam "C'Chartres Echecs"]
[BlackTeam "Grasse Echecs"]
[WhiteFideId "662399"]
[BlackFideId "13402960"]
[EventDate "2022.06.09"]

1. e4 c5 2. Nf3 e6 3. c3 d5 4. exd5 exd5 5. d4 Nc6 6. Bb5 Bd6 7. O-O Ne7 8. dxc5
Bxc5 9. Nbd2 O-O 10. Nb3 Bd6 11. Nfd4 a6 12. Bd3 Ne5 13. Bc2 Bg4 14. Qe1 N7c6
15. f4 Nc4 16. Qg3 Bd7 17. Qf3 Qc7 18. Qxd5 Nxd4 19. Nxd4 Rae8 20. Bd3 Ne3 21.
Bxe3 Rxe3 22. Rad1 Bg4 23. Nf5 Bxf4 24. Nxe3 Bxe3+ 25. Kh1 Bxd1 26. Rxd1 g6 27.
Be4 b6 28. Qd3 Bf4 29. g3 Be5 30. Qxa6 h5 31. Kg2 Rd8 32. Bd5 Kg7 33. Qe2 h4 34.
Qf3 hxg3 35. hxg3 f5 36. Rd2 b5 37. a3 Kf6 38. Qe3 Rd7 39. Rd1 Qb8 40. Bf3 Rxd1
41. Bxd1 Qd6 42. Be2 Qd5+ 43. Qf3 Qc5 44. Qd3 Qc6+ 45. Bf3 Qc7 46. g4 fxg4 47.
Bxg4 Qc6+ 48. Qf3+ Qxf3+ 49. Kxf3 g5 50. Bd7 Bf4 51. Ke2 Bc1 52. b4 Bxa3 53. Kd2
Ke5 54. Bxb5 Kd6 55. Kc2 Kc7 56. Be2 Kc6 57. Bg4 Kd5 58. Be2 Ke4 59. Kb3 Bc1 60.
c4 Ke3 61. Bh5 Kd4 62. c5 Bf4 63. Ka4 Bc7 64. Kb5 Kc3 65. Be2 Kb3 66. Bc4+ Kc3
67. Be6 Bf4 68. c6 Bb8 69. Bd7 Bd6 70. Bg4 Bb8 71. Bh3 Bd6 72. Bd7 Bb8 73. Kc5
Ba7+ 74. Kd5 Bb6 75. b5 Kb4 76. Kd6 g4 77. c7 Bxc7+ 78. Kxc7 g3 79. b6 g2 80. b7
g1=Q 81. b8=Q+ Kc3 82. Qb5 Qh2+ 83. Kb7 1/2-1/2

[Event "TCh-FRA Top 16 GpA 2022"]
[Site "Chartres FRA"]
[Date "2022.06.11"]
[Round "3.1"]
[Board "2"]
[White "Santos Ruiz, Miguel"]
[Black "Kamsky, Gata"]
[Result "1/2-1/2"]
[WhiteTitle "GM"]
[BlackTitle "GM"]
[WhiteElo "2588"]
[BlackElo "2655"]
[WhiteTeam "Grasse Echecs"]
[BlackTeam "C'Chartres Echecs"]
[WhiteFideId "22291482"]
[BlackFideId "2000024"]
[EventDate "2022.06.09"]

1. e4 e5 2. Nf3 Nc6 3. Bb5 a6 4. Ba4 Nf6 5. O-O Be7 6. Re1 b5 7. Bb3 d6 8. c3
O-O 9. h3 Nd7 10. d4 Bf6 11. a4 Bb7 12. d5 Ne7 13. Bc2 Qb8 14. Nbd2 c6 15. dxc6
Bxc6 16. Nf1 Nc5 17. axb5 axb5 18. Rxa8 Bxa8 19. Ng3 g6 20. Bh6 Bg7 21. Qd2 f6
22. b4 Ne6 23. Bb3 d5 24. exd5 Bxh6 25. Qxh6 Bxd5 26. Bxd5 Nxd5 27. Ne4 Qc7 28.
Qd2 Qc4 29. Qe2 Qxe2 30. Rxe2 f5 31. Nc5 Nxc3 32. Rxe5 1/2-1/2

[Event "TCh-FRA Top 16 GpA 2022"]
[Site "Chartres FRA"]
[Date "2022.06.11"]
[Round "3.1"]
[Board "3"]
[White "Mamedov, Rauf"]
[Black "Wirig, Anthony"]
[Result "1-0"]
[WhiteTitle "GM"]
[BlackTitle "GM"]
[WhiteElo "2656"]
[BlackElo "2520"]
[WhiteTeam "C'Chartres Echecs"]
[BlackTeam "Grasse Echecs"]
[WhiteFideId "13401653"]
[BlackFideId "615013"]
[EventDate "2022.06.09"]

1. e4 c5 2. Nf3 e6 3. d3 Nc6 4. g3 g6 5. Bg2 Bg7 6. O-O Nge7 7. c3 e5 8. Be3 d6
9. d4 exd4 10. cxd4 d5 11. dxc5 dxe4 12. Qxd8+ Nxd8 13. Nd4 Ne6 14. Nxe6 Bxe6
15. Nc3 f5 16. Rad1 Bxc3 17. bxc3 Rd8 18. f3 Rxd1 19. Rxd1 Bxa2 20. fxe4 fxe4
21. Bxe4 Nc6 22. Bh6 Be6 23. Rb1 Bc8 24. Bd5 Kd8 25. Bg5+ Kc7 26. Bf4+ Kd7 27.
Rd1 a5 28. Bb3+ Ke7 29. Bg5+ Ke8 30. Bh6 Ke7 31. Rf1 Be6 32. Bg5+ 1-0

[Event "TCh-FRA Top 16 GpA 2022"]
[Site "Chartres FRA"]
[Date "2022.06.11"]
[Round "3.1"]
[Board "4"]
[White "Demuth, Adrien"]
[Black "Bauer, Christian"]
[Result "0-1"]
[WhiteTitle "GM"]
[BlackTitle "GM"]
[WhiteElo "2492"]
[BlackElo "2607"]
[WhiteTeam "Grasse Echecs"]
[BlackTeam "C'Chartres Echecs"]
[WhiteFideId "642274"]
[BlackFideId "603767"]
[EventDate "2022.06.09"]

1. d4 d6 2. Nf3 Bg4 3. e4 Nf6 4. h3 Bh5 5. Nc3 c6 6. g4 Bg6 7. Qe2 e6 8. h4 h6
9. h5 Bh7 10. g5 hxg5 11. Bxg5 Qa5 12. O-O-O d5 13. Bxf6 gxf6 14. exd5 cxd5 15.
Bh3 Qa6 16. Qe3 Nd7 17. Nd2 O-O-O 18. Bf1 Qc6 19. Bd3 Bxd3 20. Qxd3 Kb8 21. Kb1
Rc8 22. Nf1 f5 23. Rh3 Nf6 24. Qe2 Ka8 25. Nd2 Bd6 26. h6 Bf4 27. Rdh1 Rh7 28.
Nf3 Rch8 29. Ne5 Qb6 30. Rh4 Bg5 31. R4h3 a6 32. Qd3 Bf4 33. f3 Qc7 34. Qe2 Rxh6
35. Rxh6 Rxh6 36. Rxh6 Bxh6 37. Qh2 Bg7 38. a3 Nd7 39. f4 Bxe5 40. dxe5 Ka7 41.
Qg1+ Qb6 42. Qg7 Nc5 43. Qxf7 d4 44. Nd1 d3 45. Qe7 dxc2+ 46. Kxc2 Qb3+ 47. Kc1
Qc4+ 0-1

[Event "TCh-FRA Top 16 GpA 2022"]
[Site "Chartres FRA"]
[Date "2022.06.11"]
[Round "3.1"]
[Board "5"]
[White "Tiviakov, Sergei"]
[Black "Parligras, Mircea-Emilian"]
[Result "1/2-1/2"]
[WhiteTitle "GM"]
[BlackTitle "GM"]
[WhiteElo "2570"]
[BlackElo "2579"]
[WhiteTeam "C'Chartres Echecs"]
[BlackTeam "Grasse Echecs"]
[WhiteFideId "1008013"]
[BlackFideId "1204297"]
[EventDate "2022.06.09"]

1. e4 c5 2. Nf3 d6 3. Bb5+ Nd7 4. d4 cxd4 5. Qxd4 a6 6. Bxd7+ Bxd7 7. c4 b5 8.
Nc3 e5 9. Qd3 bxc4 10. Qxc4 Be6 11. Qc6+ Bd7 12. Qc4 Be6 13. Qd3 h6 14. O-O Nf6
15. b3 Be7 16. Bb2 O-O 17. Rfd1 Qb6 18. Nd2 Rac8 19. Nf1 Rc6 20. Ne3 Rfc8 21. h3
Qb7 22. Ncd5 Bxd5 23. exd5 Rc5 24. Rac1 g6 25. Rxc5 Rxc5 26. a4 Qb4 27. Ra1 Qa5
28. Rd1 Qb4 29. Ra1 Qa5 30. Rd1 1/2-1/2

[Event "TCh-FRA Top 16 GpA 2022"]
[Site "Chartres FRA"]
[Date "2022.06.11"]
[Round "3.1"]
[Board "6"]
[White "Loiseau, Quentin"]
[Black "Guliyev, Namig"]
[Result "1/2-1/2"]
[WhiteTitle "IM"]
[BlackTitle "GM"]
[WhiteElo "2442"]
[BlackElo "2547"]
[WhiteTeam "Grasse Echecs"]
[BlackTeam "C'Chartres Echecs"]
[WhiteFideId "665274"]
[BlackFideId "13400363"]
[EventDate "2022.06.09"]

1. d4 d5 2. c4 dxc4 3. e4 b5 4. a4 c6 5. axb5 cxb5 6. Nc3 Qb6 7. Nd5 Qb7 8. Bf4
e5 9. Bxe5 Nd7 10. Bf4 Ngf6 11. Nc7+ Kd8 12. Nxa8 Qxe4+ 13. Ne2 Qxa8 14. f3 Bb4+
15. Nc3 a5 16. Bd2 Qc6 17. Be2 Re8 18. O-O a4 19. Ne4 Bxd2 20. Qxd2 Qb6 21. Kh1
h6 22. Nc3 Ba6 23. Rfe1 Re6 24. Rad1 Bb7 25. d5 Rd6 26. Qd4 Qxd4 27. Rxd4 Ba6
28. Bd1 Nc5 29. Bc2 1/2-1/2

[Event "TCh-FRA Top 16 GpA 2022"]
[Site "Chartres FRA"]
[Date "2022.06.11"]
[Round "3.1"]
[Board "7"]
[White "Maurizzi, Marc'Andria"]
[Black "Barbot, Pierre1"]
[Result "1-0"]
[WhiteTitle "GM"]
[BlackTitle "IM"]
[WhiteElo "2490"]
[BlackElo "2451"]
[WhiteTeam "C'Chartres Echecs"]
[BlackTeam "Grasse Echecs"]
[WhiteFideId "36083534"]
[BlackFideId "663727"]
[EventDate "2022.06.09"]

1. d4 Nf6 2. c4 e6 3. Nf3 Bb4+ 4. Nbd2 O-O 5. a3 Bxd2+ 6. Qxd2 b6 7. e3 Bb7 8.
Be2 d6 9. b4 Nbd7 10. Bb2 Ne4 11. Qc2 c5 12. O-O Qc7 13. Rfd1 Nef6 14. Bc3 Rac8
15. dxc5 bxc5 16. b5 Ne4 17. Bb2 f5 18. Nd2 d5 19. f3 Nd6 20. f4 Nb6 21. Be5 Qe7
22. a4 Rfd8 23. cxd5 exd5 24. a5 Nbc4 25. Nxc4 Nxc4 26. Bxc4 dxc4 27. Qxf5 c3
28. Qc2 Qe6 29. Rxd8+ Rxd8 30. Rd1 Rxd1+ 31. Qxd1 Be4 32. Qd8+ Kf7 33. Bxc3 Qg4
34. Qc7+ Kg8 35. Qb8+ Kf7 36. Qxa7+ Ke6 37. f5+ Bxf5 38. Qxc5 Qd1+ 39. Kf2 Qc2+
40. Kg3 Be4 41. Qc8+ 1-0

[Event "TCh-FRA Top 16 GpA 2022"]
[Site "Chartres FRA"]
[Date "2022.06.11"]
[Round "3.1"]
[Board "8"]
[White "Milliet, Sophie"]
[Black "Tomasi, Elise"]
[Result "1-0"]
[WhiteTitle "IM"]
[WhiteElo "2392"]
[BlackElo "2019"]
[WhiteTeam "Grasse Echecs"]
[BlackTeam "C'Chartres Echecs"]
[WhiteFideId "623725"]
[BlackFideId "26088843"]
[EventDate "2022.06.09"]

1. e4 e5 2. Nf3 Nf6 3. d4 Nxe4 4. Bd3 d5 5. Nxe5 Bd6 6. O-O O-O 7. Nc3 Nxc3 8.
bxc3 Nd7 9. Re1 c5 10. Bf4 Qc7 11. Re3 Nf6 12. dxc5 Qxc5 13. Qf3 Bxe5 14. Rxe5
Be6 15. Rg5 Ne8 16. c4 f6 17. Qh5 f5 18. Qe2 Rf6 19. Be5 Rg6 20. Rxg6 hxg6 21.
Bb2 Kf7 22. Re1 Qc6 23. cxd5 Qxd5 24. c4 Qc6 25. c5 a6 26. Bc4 Bxc4 27. Qxc4+
Kf8 28. h4 Rd8 29. Re6 Rd1+ 30. Kh2 Qc7+ 31. Be5 Qf7 32. c6 bxc6 33. Qxc6 g5 34.
Bxg7+ Kxg7 35. Rxe8 gxh4 36. Qc3+ Kg6 37. Qc6+ Kg7 38. Rc8 Rd7 39. Qc3+ Kg6 40.
Qh8 Qh7 41. Rc6+ Kh5 42. Qe8+ Kg5 43. Qe3+ Kh5 44. Qf4 Rf7 45. Kh3 1-0

[Event "TCh-FRA Top 16 GpA 2022"]
[Site "Chartres FRA"]
[Date "2022.06.11"]
[Round "3.2"]
[Board "1"]
[White "Sochacki, Christophe"]
[Black "Piorun, Kacper"]
[Result "1/2-1/2"]
[WhiteTitle "GM"]
[BlackTitle "GM"]
[WhiteElo "2487"]
[BlackElo "2627"]
[WhiteTeam "U.S.Villejuif Echecs"]
[BlackTeam "Tremblay en France"]
[WhiteFideId "662569"]
[BlackFideId "1130420"]
[EventDate "2022.06.09"]

1. e4 e5 2. Nf3 Nc6 3. d4 exd4 4. Nxd4 Nf6 5. Nc3 Bb4 6. Nxc6 bxc6 7. Bd3 d5 8.
exd5 O-O 9. O-O cxd5 10. Bg5 c6 11. Qf3 h6 1/2-1/2

[Event "TCh-FRA Top 16 GpA 2022"]
[Site "Chartres FRA"]
[Date "2022.06.11"]
[Round "3.2"]
[Board "2"]
[White "Malakhov, Vladimir"]
[Black "Dourerassou, Jonathan"]
[Result "1-0"]
[WhiteTitle "GM"]
[BlackTitle "GM"]
[WhiteElo "2652"]
[BlackElo "2444"]
[WhiteTeam "Tremblay en France"]
[BlackTeam "U.S.Villejuif Echecs"]
[WhiteFideId "4120787"]
[BlackFideId "628050"]
[EventDate "2022.06.09"]

1. c4 e6 2. Nf3 Nf6 3. g3 Be7 4. Bg2 O-O 5. O-O d5 6. d4 dxc4 7. Qc2 Nc6 8. Qxc4
Bd6 9. Nc3 e5 10. dxe5 Nxe5 11. Nxe5 Bxe5 12. Rd1 Qe7 13. Be3 Be6 14. Qb5 Bxc3
15. bxc3 c6 16. Bc5 Qc7 17. Qb4 Rfe8 18. e4 Qc8 19. e5 Nd5 20. Qd4 Nb6 21. f4
Rd8 22. Bd6 Bd5 23. Bf1 Qe6 24. c4 Bxc4 25. f5 Qd5 26. Qg4 h5 27. Qf4 Qb5 28. f6
Rxd6 29. Rxd6 Qc5+ 30. Kh1 Bd5+ 31. Bg2 Bxg2+ 32. Kxg2 Nd5 33. Qg5 g6 34. Re1
Qc2+ 35. Kh3 Nc7 36. Qh6 Ne8 37. e6 Qf5+ 38. Kg2 Qc2+ 39. Kh1 Qxa2 40. e7 Qf2
41. Qf8+ Kh7 42. Qxf7+ Kh6 43. Rde6 h4 44. Qf8+ Kh7 45. f7 1-0

[Event "TCh-FRA Top 16 GpA 2022"]
[Site "Chartres FRA"]
[Date "2022.06.11"]
[Round "3.2"]
[Board "3"]
[White "Eden, James"]
[Black "Van Foreest, Lucas"]
[Result "0-1"]
[WhiteTitle "IM"]
[BlackTitle "GM"]
[WhiteElo "2253"]
[BlackElo "2553"]
[WhiteTeam "U.S.Villejuif Echecs"]
[BlackTeam "Tremblay en France"]
[WhiteFideId "666491"]
[BlackFideId "1039792"]
[EventDate "2022.06.09"]

1. e4 d5 2. exd5 Qxd5 3. Nc3 Qd6 4. d4 Nf6 5. Nf3 c6 6. Ne5 Nbd7 7. Bf4 Nd5 8.
Nxd5 Qxd5 9. Qf3 Qxf3 10. Nxf3 Nf6 11. Bd3 Bg4 12. Ne5 Bh5 13. Bd2 e6 14. h3 Bd6
15. g4 Bg6 16. Nxg6 hxg6 17. Ke2 O-O-O 18. Kf3 Be7 19. Be3 Nd5 20. c3 Rh4 21.
Rad1 Rdh8 22. Kg2 Bd6 23. c4 Nf4+ 24. Bxf4 Bxf4 25. Be4 Rd8 26. Rd3 f5 27. Bf3
e5 28. Be2 Rxd4 29. Rxd4 exd4 30. c5 Rh8 31. Bd3 fxg4 32. hxg4 Rxh1 33. Kxh1 Bc1
34. b3 g5 35. Kg2 Ba3 36. Kf3 Bxc5 37. Bf5+ Kc7 38. Ke4 Kd6 39. Bc8 b5 40. f3
Bb6 41. a4 Kc5 42. Bb7 Bd8 43. Kd3 Bf6 44. Ba8 Kb6 45. Kc2 a6 46. Kd3 c5 47.
axb5 axb5 48. Bd5 Ka5 49. Be6 Kb4 50. Bf7 Bd8 51. Be6 Bb6 52. Bf7 Ka3 53. Kc2 c4
54. bxc4 b4 55. Bg6 Ka2 56. c5 b3+ 57. Kd3 Bxc5 58. Bf7 Bb6 59. Be6 Ka3 60. Bc4
b2 61. Kc2 d3+ 0-1

[Event "TCh-FRA Top 16 GpA 2022"]
[Site "Chartres FRA"]
[Date "2022.06.11"]
[Round "3.2"]
[Board "4"]
[White "Shchekachev, Andrei"]
[Black "Sochacki, Wojtek"]
[Result "1/2-1/2"]
[WhiteTitle "GM"]
[BlackTitle "IM"]
[WhiteElo "2507"]
[BlackElo "2324"]
[WhiteTeam "Tremblay en France"]
[BlackTeam "U.S.Villejuif Echecs"]
[WhiteFideId "4107730"]
[BlackFideId "651389"]
[EventDate "2022.06.09"]

1. Nf3 c5 2. c4 Nc6 3. d4 cxd4 4. Nxd4 Nf6 5. Nc3 e6 6. e4 Bb4 7. Nxc6 bxc6 8.
Bd3 e5 9. O-O O-O 10. h3 d6 11. Bd2 Bc5 12. Re1 Bd4 13. Be3 Re8 14. Rb1 Bb7 15.
Qf3 Nd7 16. Bd2 Re6 17. Be3 a5 18. Qd1 Qh4 19. Bf1 c5 20. g3 Qd8 21. Nd5 Nb6 22.
h4 Nxd5 23. cxd5 Re7 24. Bb5 Ba6 25. Bxa6 Rxa6 26. Bg5 f6 27. Bd2 Rb7 28. b3 Qd7
29. Qe2 Ra8 30. Qf3 Qh3 31. Rec1 f5 32. exf5 Rf8 33. Be3 Rxf5 34. Qg2 Qxg2+ 35.
Kxg2 Bxe3 36. fxe3 Rbf7 37. Rb2 Rb7 38. Rc4 Rf8 39. Ra4 Rb5 40. Rc2 Ra8 41. Rcc4
Kf7 42. h5 Ra7 43. Kh3 Rb8 44. Kg4 Kf6 45. Rc2 h6 46. Rcc4 g6 47. Kh4 g5+ 1/2-1/2

[Event "TCh-FRA Top 16 GpA 2022"]
[Site "Chartres FRA"]
[Date "2022.06.11"]
[Round "3.2"]
[Board "5"]
[White "Saatdjian, Thomas"]
[Black "Abergel, Thal"]
[Result "0-1"]
[WhiteTitle "FM"]
[BlackTitle "GM"]
[WhiteElo "2267"]
[BlackElo "2387"]
[WhiteTeam "U.S.Villejuif Echecs"]
[BlackTeam "Tremblay en France"]
[WhiteFideId "634921"]
[BlackFideId "614890"]
[EventDate "2022.06.09"]

1. d4 d5 2. Nf3 Nf6 3. c4 c6 4. Qc2 g6 5. Bf4 dxc4 6. Qxc4 Bg7 7. e3 O-O 8. Be2
Be6 9. Qc2 Bf5 10. Qb3 Qb6 11. Nbd2 Qxb3 12. Nxb3 a5 13. Nc5 Nbd7 14. Nxb7 Nd5
15. Be5 Bxe5 16. Nxe5 Nxe5 17. dxe5 Rfb8 18. Nc5 Rxb2 19. Na4 Rb4 20. Bd1 Re4
21. O-O Rxe5 22. Rc1 Rb8 23. Bb3 Nb4 24. Rfd1 Be6 25. Bxe6 Rxe6 26. a3 Na6 27.
Nc5 Nxc5 28. Rxc5 Rb5 29. Rc3 Rd6 30. Rf1 Rd2 31. g3 e6 32. Rxc6 Rb3 33. Ra1
Rbb2 34. Rf1 Ra2 35. Rc3 a4 36. Kg2 Rdb2 37. Kf3 Kg7 38. h4 h5 39. Ke4 Kf6 40.
Rd3 Rb3 41. Rxb3 axb3 42. Rb1 Rxa3 43. f3 g5 44. Rb2 gxh4 45. gxh4 Ra4+ 46. Kd3
Rb4 47. Kd2 Kf5 48. Rb1 b2 49. Kc3 Rb7 50. Rxb2 Rxb2 51. Kxb2 e5 52. Kc3 e4 53.
fxe4+ Kg4 54. Kd4 Kxh4 0-1

[Event "TCh-FRA Top 16 GpA 2022"]
[Site "Chartres FRA"]
[Date "2022.06.11"]
[Round "3.2"]
[Board "6"]
[White "Flom, Gabriel"]
[Black "Da Silva, Quentin"]
[Result "1-0"]
[WhiteTitle "GM"]
[WhiteElo "2428"]
[BlackElo "2171"]
[WhiteTeam "Tremblay en France"]
[BlackTeam "U.S.Villejuif Echecs"]
[WhiteFideId "621650"]
[BlackFideId "26009528"]
[EventDate "2022.06.09"]

1. d4 Nf6 2. Bg5 g6 3. Bxf6 exf6 4. e3 Bg7 5. g3 d5 6. Bg2 O-O 7. Ne2 c6 8. Nd2
Be6 9. O-O f5 10. Rc1 Nd7 11. c4 dxc4 12. Nxc4 Nf6 13. Nf4 Re8 14. b4 Ne4 15. a4
Bxc4 16. Rxc4 a5 17. Bxe4 Rxe4 18. Qb3 axb4 19. Rxb4 Qa5 20. Rxb7 Rf8 21. h4
Rxf4 22. exf4 Bxd4 23. Qc4 c5 24. Rb5 Qd2 25. a5 Re8 26. Rb7 Rf8 27. a6 Qa5 28.
a7 Qa3 29. Kg2 Kg7 30. Qd5 Kh6 31. Rb8 1-0

[Event "TCh-FRA Top 16 GpA 2022"]
[Site "Chartres FRA"]
[Date "2022.06.11"]
[Round "3.2"]
[Board "7"]
[White "Caille, Hugo"]
[Black "Vlachos, Anatole"]
[Result "0-1"]
[BlackTitle "IM"]
[WhiteElo "2159"]
[BlackElo "2431"]
[WhiteTeam "U.S.Villejuif Echecs"]
[BlackTeam "Tremblay en France"]
[WhiteFideId "20681348"]
[BlackFideId "26093189"]
[EventDate "2022.06.09"]

1. d4 f5 2. g3 Nf6 3. Bg2 e6 4. Nh3 Be7 5. O-O O-O 6. c4 d6 7. Nc3 e5 8. b3 Qe8
9. Bb2 c6 10. e3 Na6 11. a3 Nc7 12. b4 e4 13. d5 cxd5 14. cxd5 Ng4 15. Rc1 Bf6
16. Qb3 Qf7 17. Rfd1 Ne5 18. Ne2 g5 19. Bxe5 dxe5 20. f3 exf3 21. Bxf3 Nb5 22.
Nf2 Nd6 23. Rc2 Bd7 24. Rdc1 Qe8 25. Bg2 Ba4 26. Qd3 e4 27. Qd2 Bxc2 28. Rxc2
Rc8 29. g4 Rxc2 30. Qxc2 Qc8 31. Qxc8 Rxc8 32. gxf5 Nxf5 33. Ng4 Bb2 34. Bxe4
Nd6 35. Bd3 h5 36. Nf2 Bxa3 37. e4 Nf7 38. Ng3 Bxb4 39. Nxh5 Ne5 40. Nf6+ Kg7
41. N6g4 Nxg4 42. Nxg4 a5 43. Bb5 Rc5 0-1

[Event "TCh-FRA Top 16 GpA 2022"]
[Site "Chartres FRA"]
[Date "2022.06.11"]
[Round "3.2"]
[Board "8"]
[White "Hernandez, Lara"]
[Black "Afraoui, Solenn"]
[Result "1-0"]
[WhiteElo "1915"]
[BlackElo "1945"]
[WhiteTeam "Tremblay en France"]
[BlackTeam "U.S.Villejuif Echecs"]
[WhiteFideId "26022028"]
[BlackFideId "625167"]
[EventDate "2022.06.09"]

1. d4 Nf6 2. Nf3 e6 3. g3 b5 4. Bg2 Bb7 5. O-O c5 6. Bg5 Be7 7. dxc5 Bxc5 8. Qd3
a6 9. Nbd2 d5 10. a4 b4 11. e4 dxe4 12. Qxd8+ Kxd8 13. Ne5 Ke8 14. Nb3 Be7 15.
Na5 Bd5 16. c4 bxc3 17. bxc3 Bd8 18. Nec4 Nbd7 19. Rfb1 Kf8 20. Be3 Bc7 21. Bf1
h5 22. Nb6 Rb8 23. Nac4 Kg8 24. a5 Kh7 25. Nxd7 Nxd7 26. Nb6 Nxb6 27. axb6 Be5
28. Bxa6 Bxc3 29. Ra3 Be5 30. b7 Bc6 31. Ba7 Rbd8 32. Rab3 Bb8 33. Bxb8 Rxb8 34.
Rc1 Bd5 35. Rb6 Kg6 36. Rc8 Bxb7 37. Rxh8 Rxh8 38. Rxb7 h4 39. Kf1 hxg3 40. hxg3
Ra8 41. Rb6 Kf5 42. Ke2 Ke5 43. Bc4 Kd4 44. Bb3 Ra3 45. Rb7 g5 46. Kd2 Ke5 47.
Kc3 f5 48. Rb6 f4 49. Rb5+ Kf6 50. g4 Ra6 51. Kd4 e3 52. fxe3 fxe3 53. Kxe3 Rd6
54. Ke4 Rc6 55. Ra5 Rb6 56. Bc4 Rb1 57. Ra6 Re1+ 58. Kd4 Rd1+ 59. Kc5 Re1 60.
Kd6 Rd1+ 61. Kc7 Re1 62. Kd7 Rd1+ 63. Rd6 Rg1 64. Bxe6 Ke5 65. Rd5+ Kf4 66. Rf5+ 1-0

[Event "TCh-FRA Top 16 GpA 2022"]
[Site "Chartres FRA"]
[Date "2022.06.11"]
[Round "3.3"]
[Board "1"]
[White "Bacrot, Etienne"]
[Black "Alonso Rosell, Alvar"]
[Result "1-0"]
[WhiteTitle "GM"]
[BlackTitle "GM"]
[WhiteElo "2641"]
[BlackElo "2562"]
[WhiteTeam "Bischwiller"]
[BlackTeam "Club 608 d'Echecs Paris"]
[WhiteFideId "605506"]
[BlackFideId "2270544"]
[EventDate "2022.06.09"]

1. e4 e5 2. Nf3 Nc6 3. Bb5 Nf6 4. O-O Nxe4 5. Re1 Nd6 6. Nxe5 Be7 7. Bf1 Nxe5 8.
Rxe5 O-O 9. Nc3 Ne8 10. Nd5 Bd6 11. Re1 c6 12. Ne3 Be7 13. c4 Nc7 14. d4 d5 15.
cxd5 Bb4 16. Bd2 Bxd2 17. Qxd2 Nxd5 18. Nxd5 Qxd5 19. Re5 Qd6 20. Bc4 Bd7 21. a3
Rae8 22. Qe3 b6 23. h3 h6 24. Re1 Rxe5 25. dxe5 Qe7 26. Rd1 Re8 27. Qe4 c5 28.
f4 Be6 29. Rd6 Bxc4 30. Qxc4 Kf8 31. Qd3 Qh4 32. Qf5 Qe1+ 33. Kh2 Qe3 34. Rd7
Re7 35. Rd3 Qc1 36. Rd8+ Re8 37. e6 1-0

[Event "TCh-FRA Top 16 GpA 2022"]
[Site "Chartres FRA"]
[Date "2022.06.11"]
[Round "3.3"]
[Board "2"]
[White "Song, Julien"]
[Black "Rodshtein, Maxim"]
[Result "0-1"]
[WhiteTitle "IM"]
[BlackTitle "GM"]
[WhiteElo "2402"]
[BlackElo "2585"]
[WhiteTeam "Club 608 d'Echecs Paris"]
[BlackTeam "Bischwiller"]
[WhiteFideId "659487"]
[BlackFideId "2806851"]
[EventDate "2022.06.09"]

1. d4 Nf6 2. c4 e6 3. Nf3 d5 4. g3 Bb4+ 5. Bd2 Be7 6. Bg2 c6 7. O-O Nbd7 8. Qc2
O-O 9. Bf4 Nh5 10. Bc1 f5 11. b3 a5 12. a4 Nhf6 13. Ng5 Nb8 14. Nh3 Na6 15. Nf4
Nb4 16. Qd1 b6 17. Bb2 Bd6 18. e3 Qe7 19. Nd3 Ba6 20. Nxb4 Bxb4 21. Qc2 Rac8 22.
Rc1 Ne4 23. Nc3 h5 24. Nxe4 fxe4 25. Bc3 Bd6 26. c5 bxc5 27. dxc5 Bc7 28. Qd2
Qd8 29. Bh3 e5 30. b4 axb4 31. Bxb4 Rb8 32. Bc3 Qe7 33. a5 h4 34. Qd1 Rf3 35.
Be1 hxg3 36. hxg3 Rbf8 37. Ra2 Qg5 38. Bg2 d4 39. exd4 exd4 40. Bxf3 exf3 41.
Qb3+ Rf7 42. Rd1 Qf5 43. Rxd4 Qh3 0-1

[Event "TCh-FRA Top 16 GpA 2022"]
[Site "Chartres FRA"]
[Date "2022.06.11"]
[Round "3.3"]
[Board "3"]
[White "Ragger, Markus"]
[Black "Relange, Eloi"]
[Result "1/2-1/2"]
[WhiteTitle "GM"]
[BlackTitle "GM"]
[WhiteElo "2643"]
[BlackElo "2456"]
[WhiteTeam "Bischwiller"]
[BlackTeam "Club 608 d'Echecs Paris"]
[WhiteFideId "1610856"]
[BlackFideId "600822"]
[EventDate "2022.06.09"]

1. e4 d6 2. d4 Nf6 3. Nc3 e5 4. Nf3 Nbd7 5. Bc4 Be7 6. a4 O-O 7. O-O c6 8. h3
Re8 9. Re1 Qc7 10. a5 exd4 11. Nxd4 Ne5 12. Bb3 Bd7 13. Bf4 Rad8 14. Bh2 Bf8 15.
f4 Ng6 16. Kh1 c5 17. Nf3 c4 18. Ba4 Bxa4 19. Rxa4 b5 20. axb6 Qxb6 21. Qa1 d5
22. Ra6 Qf2 23. Rxf6 gxf6 24. Nxd5 Bg7 1/2-1/2

[Event "TCh-FRA Top 16 GpA 2022"]
[Site "Chartres FRA"]
[Date "2022.06.11"]
[Round "3.3"]
[Board "4"]
[White "Solakian-Van Eyll, Jerome"]
[Black "Naiditsch, Arkadij"]
[Result "0-1"]
[WhiteTitle "FM"]
[BlackTitle "GM"]
[WhiteElo "2248"]
[BlackElo "2653"]
[WhiteTeam "Club 608 d'Echecs Paris"]
[BlackTeam "Bischwiller"]
[WhiteFideId "608050"]
[BlackFideId "4650891"]
[EventDate "2022.06.09"]

1. d4 Nf6 2. Nf3 g6 3. Nc3 d5 4. Bf4 c6 5. h3 Nbd7 6. e3 Bg7 7. Be2 b5 8. a3 O-O
9. O-O Bb7 10. Re1 Nb6 11. b3 a6 12. Bf1 Ne4 13. Nxe4 dxe4 14. Nd2 f5 15. c4 Nd7
16. Qc2 e5 17. dxe5 g5 18. Bh2 Nxe5 19. Bxe5 Bxe5 20. Rad1 Qf6 21. b4 Rf7 22.
Nb3 Raf8 23. cxb5 axb5 24. a4 g4 25. axb5 gxh3 26. g3 Rg7 27. Kh1 f4 28. Bc4+
Kh8 29. exf4 Bxf4 30. Qxe4 Bb8 31. Nc5 cxb5 32. Nxb7 bxc4 33. Nc5 Qxf2 34. Re2
Qxg3 35. Ne6 Rg4 36. Qb7 Rfg8 0-1

[Event "TCh-FRA Top 16 GpA 2022"]
[Site "Chartres FRA"]
[Date "2022.06.11"]
[Round "3.3"]
[Board "5"]
[White "Bellahcene, Bilel"]
[Black "Ramirez Garcia, Jorge Alberto"]
[Result "1-0"]
[WhiteTitle "GM"]
[BlackTitle "FM"]
[WhiteElo "2513"]
[BlackElo "2242"]
[WhiteTeam "Bischwiller"]
[BlackTeam "Club 608 d'Echecs Paris"]
[WhiteFideId "696358"]
[BlackFideId "5108101"]
[EventDate "2022.06.09"]

1. d4 Nf6 2. c4 g6 3. Nc3 Bg7 4. e4 d6 5. h3 O-O 6. Be3 e5 7. d5 c5 8. g4 a6 9.
a4 Bd7 10. Nge2 Ne8 11. Qd2 f5 12. gxf5 gxf5 13. exf5 Bxf5 14. Ng3 Nd7 15. Nxf5
Rxf5 16. Bd3 e4 17. Bxe4 Ne5 18. Qe2 Rf8 19. Bg2 Ng6 20. Ne4 Nf4 21. Bxf4 Rxf4
22. O-O Qh4 23. Ra3 Rd8 24. Rg3 h6 25. Re1 Nf6 26. Nxf6+ Qxf6 27. Qe6+ Kh8 28.
Qxf6 Bxf6 29. Re6 Bg5 30. Rg4 Rxg4 31. hxg4 Kg7 32. Be4 Bf6 33. b3 Bg5 34. Kg2
Kf7 35. Kg3 Bf6 36. f4 Rd7 37. Kf3 Rd8 38. Bf5 Bg7 39. Bg6+ Kf8 40. f5 Bd4 41.
f6 Kg8 42. Re8+ 1-0